| 000 | 01060nam a2200229 a 4500 | ||
|---|---|---|---|
| 001 | 000355703 | ||
| 003 | AM-YeHGA | ||
| 005 | 20250618072224.0 | ||
| 008 | 040305s1978 ai 000 | rus d | ||
| 040 | _aAM-YeHGA | ||
| 041 | 0 | _arus | |
| 100 | 1 | _aХачатурян, Ваник | |
| 245 | 1 | 0 |
_aПолихроматические принципы в средневековой архитектуре Армении / _cВаник Хачатурян; АН АрмССР. Ин-т искусств. II Междунар. симп. по арм. искусству. |
| 260 |
_aЕреван : _bИзд-во АН АрмССР, _c1978. |
||
| 300 |
_a10 с. ; _c20 см. |
||
| 500 | _aНа обл.: СССР, Ереван | ||
| 650 | 1 | 4 |
_aИскусство _95446 |
| 650 | 1 | 4 |
_aАрхитектура _zАрмения _yСредние века |
| 710 | 2 | _aИнститут искусств АН АрмССР | |
| 711 | 2 |
_aМеждународный симпозиум по армянскому искусству _n( 2 : _d1978 : _cЕреван) |
|
| 090 | _c137701 | ||
| 999 |
_c136330 _d136330 |
||